000 00518nam a2200205Ia 4500
003 OSt
005 20220915115616.0
008 210719s1990 xx 000 0 und d
040 _cAL
041 _aeng
082 _a657.48 RAMF
100 _aRAMAN (B S)
_957622
245 _aFinancial accounting Vol II
260 _aMangalore
_bUnited Publishers
_c1990
300 _a1097
_bHB
365 _b65
_cRs
440 _vII
906 _aaccounting ; Bangalore ; Financial ; II ; University ; Vol
942 _2ddc
_cBK
999 _c216063
_d216063